|
|
|
|
| LEADER |
01175nab#a2200313#ar4500 |
| 001 |
000000418 |
| 003 |
SVKKK |
| 005 |
20070427104633.0 |
| 008 |
030616c xo e czeo |
| FMT |
|
|
|
| 038 |
|
|
|a SVKKK
|
| 040 |
|
|
|a SVKKK
|b slo
|e AACR2
|
| 041 |
1 |
|
|a cze
|h pol
|
| 044 |
|
|
|a xo
|c SK
|
| 080 |
|
|
|a 55:087.2 (=84)
|2 1981
|
| 100 |
1 |
|
|a Pešek, Jiří
|4 aut
|
| 242 |
1 |
0 |
|a XIV. sympózium Geológia uhľonosných súvrství v Poľsku - karbónske súvrstvia
|
| 245 |
1 |
0 |
|a XIV Sympozjum Geologia formacji weglono~nych Polski - formacja karboäska
|c Pešek Jiří
|
| 500 |
|
|
|a 82s.
|
| 611 |
2 |
4 |
|a Geológia uhľonosných súvrství v Poľsku - karbónske súvrstvia
|n (XIV. :
|c Krakov, Poľsko)
|
| 650 |
0 |
4 |
|a geológia
|x sympózium
|x príspevky vedecké
|x zborníky
|x recenzie
|
| 773 |
0 |
|
|t Časopis pro mineralogii a geologii
|x 0008-7378
|g Roč. 39, č. 1(1992), s. 54
|
| 787 |
0 |
8 |
|i Recenze na:
|t XIV Sympozjum Geologia formacji weglono~nych Polski - formacja karboäska
|d Kraków : Instytut surowców energetycznych Akademii Górniczo-Hutniczej, 1991
|x 0008-7378
|
| 958 |
|
|
|a NP
|
| 974 |
|
|
|d 941117
|a 245
|
| 992 |
|
|
|a RBX
|
| BAS |
|
|
|
| 852 |
|
|
|a SVKKK
|b BIB
|
| 998 |
|
|
|a GEO
|